<?xml version="1.0" encoding="UTF-8"?><?xml-stylesheet type="text/xsl" href="static/style.xsl"?><OAI-PMH xmlns="http://www.openarchives.org/OAI/2.0/" xmlns:xsi="http://www.w3.org/2001/XMLSchema-instance" xsi:schemaLocation="http://www.openarchives.org/OAI/2.0/ http://www.openarchives.org/OAI/2.0/OAI-PMH.xsd"><responseDate>2026-06-07T17:26:30Z</responseDate><request verb="GetRecord" identifier="oai:docta.ucm.es:20.500.14352/114488" metadataPrefix="marc">https://docta.ucm.es/rest/oai/request</request><GetRecord><record><header><identifier>oai:docta.ucm.es:20.500.14352/114488</identifier><datestamp>2025-03-18T14:47:08Z</datestamp><setSpec>com_20.500.14352_14</setSpec><setSpec>col_20.500.14352_15</setSpec></header><metadata><record xmlns="http://www.loc.gov/MARC21/slim" xmlns:dcterms="http://purl.org/dc/terms/" xmlns:xsi="http://www.w3.org/2001/XMLSchema-instance" xmlns:doc="http://www.lyncode.com/xoai" xsi:schemaLocation="http://www.loc.gov/MARC21/slim http://www.loc.gov/standards/marcxml/schema/MARC21slim.xsd">
   <leader>00925njm 22002777a 4500</leader>
   <datafield ind2=" " ind1=" " tag="042">
      <subfield code="a">dc</subfield>
   </datafield>
   <datafield ind2=" " ind1=" " tag="720">
      <subfield code="a">Nevado Hernández, José Ignacio</subfield>
      <subfield code="e">author</subfield>
   </datafield>
   <datafield ind2=" " ind1=" " tag="720">
      <subfield code="a">Fernández-Ramírez, Laura</subfield>
      <subfield code="e">author</subfield>
   </datafield>
   <datafield ind2=" " ind1=" " tag="720">
      <subfield code="a">Naranjo, Adrià</subfield>
      <subfield code="e">author</subfield>
   </datafield>
   <datafield ind2=" " ind1=" " tag="260">
      <subfield code="c">2022-01-01</subfield>
   </datafield>
   <datafield ind2=" " ind1=" " tag="520">
      <subfield code="a">La creación de diálogos es una fase esencial de la escritura de guiones audiovisuales. Este artículo explica el sistema de análisis de textos dramáticos de William Layton, originalmente dirigido a la interpretación actoral, y lo aplica a la escritura de diálogos audiovisuales. También expone cómo se ha formado en este sistema a estudiantes de un Máster de guion y muestra su utilidad para la creación de diálogos a través de una encuesta a 85 alumnos de diferentes promociones. De ellos, el 59% tenía formación o experiencia previa en el audiovisual. Antes de conocer el método Layton, solo un 9% de la muestra manejaba otra técnica para crear diálogos y un 50% conocía consejos genéricos que guiaran el diseño de las conversaciones de sus personajes. Y es que las monografías técnicas o académicas sobre guion no ofrecen metodologías sistemáticas que permitan al aspirante a guionista iniciarse en la escritura de diálogos, solo presentan recomendaciones. Con la difusión de esta técnica para la creación de diálogos audiovisuales, este artículo pretende contribuir a evitar que esta carencia de metodologías sistemáticas se traslade a los programas formativos. Los encuestados confirman que este método favorece la síntesis (84%), la planificación previa de los diálogos y la funcionalidad de cada frase de los personajes (91%), permitiendo que estas se adecuen mejor a su caracterización psicosocial (94%) o momento del arco dramático (95%). Un 85% de los encuestados sigue empleándola, una vez terminada su formación, en su vida profesional como guionista o declara transmitirla en sus clases cuando trabaja como docente.</subfield>
   </datafield>
   <datafield ind1="8" ind2=" " tag="024">
      <subfield code="a">Nevado, I., Fernández-Ramírez, L., y Naranjo, A. . (2022). Lo que los personajes tienen que decir. La creación de diálogos mediante la metodología de William Layton. Kepes, 19(25), 107–133. https://doi.org/10.17151/kepes.2022.19.25.5</subfield>
   </datafield>
   <datafield ind1="8" ind2=" " tag="024">
      <subfield code="a">1794-7111</subfield>
   </datafield>
   <datafield ind1="8" ind2=" " tag="024">
      <subfield code="a">10.17151/kepes.2022.19.25.5</subfield>
   </datafield>
   <datafield ind1="8" ind2=" " tag="024">
      <subfield code="a">https://hdl.handle.net/20.500.14352/114488</subfield>
   </datafield>
   <datafield ind1="8" ind2=" " tag="024">
      <subfield code="a">2462-8115</subfield>
   </datafield>
   <datafield ind1="8" ind2=" " tag="024">
      <subfield code="a">https://doi.org/10.17151/kepes.2022.19.25.5</subfield>
   </datafield>
   <datafield ind1="8" ind2=" " tag="024">
      <subfield code="a">https://revistasojs.ucaldas.edu.co/index.php/kepes/article/view/6547</subfield>
   </datafield>
   <datafield ind2="0" ind1="0" tag="245">
      <subfield code="a">Lo que los personajes tienen que decir. La creación de diálogos mediante la metodología de William Layton</subfield>
   </datafield>
   <datafield ind2="0" ind1="0" tag="245">
      <subfield code="a">What characters have to say. The creation of dialogues using William Layton's methodology</subfield>
   </datafield>
</record></metadata></record></GetRecord></OAI-PMH>